Cơ sở dữ liệu hướng đối tượng.
Tổng quan về mô hình dữ liệu. Các khái niệm cơ bản trong mô hình dữ liệu hướng đối tượng. Phương pháp chuyển đổi dữ liệu giữa cơ sở dữ liệu quan hệ và hướng đối tượng. Ngôn ngữ truy vấn đối tượng OQL. Tối ưu hóa truy vấn đối tượng. Một số mô hình cơ sở dữ liệu hướng đối tượng mở rộng....
Tallennettuna:
| Päätekijä: | |
|---|---|
| Aineistotyyppi: | Kirja |
| Kieli: | Vietnamese |
| Julkaistu: |
H.
Thông tin và Truyền thông
2015
|
| Aiheet: | |
| Tagit: |
Lisää tagi
Ei tageja, Lisää ensimmäinen tagi!
|
| Thư viện lưu trữ: | Mạng thư viện Đại học Đà Nẵng |
|---|
| LEADER | 01580nam a2200349 4500 | ||
|---|---|---|---|
| 001 | 000024020 | ||
| 003 | 20499 | ||
| 005 | 20160921090901.0 | ||
| 008 | 160919s2015 viesd | ||
| 020 | |c 159000đ | ||
| 041 | 0 | |a vie | |
| 082 | 1 | 4 | |a 005.757 |b HO-H |
| 100 | 1 | |a Hoàng Bảo Hùng | |
| 245 | 1 | 0 | |a Cơ sở dữ liệu hướng đối tượng. |c Hoàng Bảo Hùng |
| 260 | |a H. |b Thông tin và Truyền thông |c 2015 | ||
| 300 | |a 198 tr. |b Hình vẽ |c 24 cm. | ||
| 500 | |a Tài liệu tham khảo tr. 193-198 | ||
| 520 | 3 | |a Tổng quan về mô hình dữ liệu. Các khái niệm cơ bản trong mô hình dữ liệu hướng đối tượng. Phương pháp chuyển đổi dữ liệu giữa cơ sở dữ liệu quan hệ và hướng đối tượng. Ngôn ngữ truy vấn đối tượng OQL. Tối ưu hóa truy vấn đối tượng. Một số mô hình cơ sở dữ liệu hướng đối tượng mở rộng. | |
| 650 | 0 | 4 | |a Cơ sở dữ liệu hướng đối tượng |
| 653 | |a Cơ sở dữ liệu hướng đối tượng | ||
| 653 | |a Mô hình dữ liệu | ||
| 653 | |a Tin học | ||
| OWN | |a LSP | ||
| AVA | |a UDN50 |b LSP |d 005.757 HO-H |e available |t Error 5001 Not defined in file expand_doc_bib_avail. |f 3 |g 0 |h N |i 0 |k 1 | ||
| 999 | |a From the UDN01 | ||
| AVA | |a UDN50 |b LSP |d 005.757 HO-H |e available |t Error 5001 Not defined in file expand_doc_bib_avail. |f 3 |g 0 |h N |i 0 |k 1 | ||
| TYP | |a Monograph | ||
| TYP | |a Printed language | ||
| 980 | |a Mạng thư viện Đại học Đà Nẵng | ||